| 000 | 00719nam a2200241 a 4500 | ||
|---|---|---|---|
| 001 | BRL_1758 | ||
| 005 | 20190320211345.0 | ||
| 008 | 280715s1960----mx-ao#####---#000-0#spa-# | ||
| 041 | _aspa | ||
| 044 | _amx | ||
| 050 | 4 |
_aF1221.T25 _b.B46 1960 |
|
| 100 | 1 |
_aBenítez, Fernando _d1912-2000 _925483 |
|
| 245 | 1 | 0 |
_aViaje a la Tarahumara _cFernando Benítez ; Fotografías de Nacho López. |
| 260 |
_aMéxico _bEdiciones Era _c1960 |
||
| 300 |
_a86 p. _bil. _c19 cm. |
||
| 440 | 0 |
_aBiblioteca Era _927803 |
|
| 500 | _aAu1987 | ||
| 650 | 1 | 4 |
_aTarahumaras _xCondicones sociales _927804 |
| 650 | 1 | 4 |
_aTarahumaras _xVida social y costumbres _925671 |
| 700 | 1 |
_aLópez, Nacho _eil. _927805 |
|
| 902 | _aGRL | ||
| 942 |
_2lcc _cB |
||
| 999 |
_c10566 _d10566 |
||